Rediscovering Paul: (Record no. 11172)

MARC details
000 -LEADER
fixed length control field 00737nam a2200265 a 4500
001 - CONTROL NUMBER
control field 0001-1172
003 - CONTROL NUMBER IDENTIFIER
control field ELIB.Books
008 - FIXED-LENGTH DATA ELEMENTS--GENERAL INFORMATION
fixed length control field 150507 2010 eng
020 ## - INTERNATIONAL STANDARD BOOK NUMBER
International Standard Book Number 13: 9780830825981
035 ## - SYSTEM CONTROL NUMBER
System control number (ELIB.Books)0001-1327
092 ## - LOCALLY ASSIGNED DEWEY CALL NUMBER (OCLC)
Classification number 225.9
Item number Cap
100 ## - MAIN ENTRY--PERSONAL NAME
Personal name Capes, David B.
245 ## - TITLE STATEMENT
Title Rediscovering Paul:
Remainder of title An Introduction to His World, Letters and Theology
260 ## - PUBLICATION, DISTRIBUTION, ETC. (IMPRINT)
Place of publication, distribution, etc. Downers Grove
Name of publisher, distributor, etc. IVP Academic
Date of publication, distribution, etc. 2007
300 ## - PHYSICAL DESCRIPTION
Extent 350
Dimensions 23 Cm
500 ## - GENERAL NOTE
General note C/o Moe Lwei
650 ## - SUBJECT ADDED ENTRY--TOPICAL TERM
Topical term or geographic name as entry element New Testament
700 ## - ADDED ENTRY--PERSONAL NAME
Personal name David B. Capes
710 ## - ADDED ENTRY--CORPORATE NAME
Corporate name or jurisdiction name as entry element Rodney Reeves & E. Randolph Richards
856 ## - ELECTRONIC LOCATION AND ACCESS
Name of location of host KBTS: Library
Uniform Resource Identifier <a href="KBTS: Elib">KBTS: Elib</a>
942 ## - ADDED ENTRY ELEMENTS (KOHA)
Source of classification or shelving scheme Dewey Decimal Classification
Koha item type Books
990 ## - EQUIVALENCES OR CROSS-REFERENCES [LOCAL, CANADA]
Link information for 9XX fields 1
998 ## - LOCAL CONTROL INFORMATION (RLIN)
Cataloger's initials, CIN (RLIN) bat
-- 2015-05-07
Holdings
Withdrawn status Lost status Source of classification or shelving scheme Damaged status Not for loan Home library Current library Date acquired Total Checkouts Barcode Date last seen Bill Date Koha item type
    Dewey Decimal Classification     Karen Baptist Theological Seminary Library Karen Baptist Theological Seminary Library 07/05/2015   15384 22/01/2022 22/01/2022 Books
Implemented & Customized by: BestBookBuddies

Powered by Koha